[Event "CP-2019-S-00002"]
[Site "LSS email"]
[Date "2019.02.09"]
[Round "?"]
[White "Daiver, Viktor"]
[Black "Szczepanski, Zbigniew"]
[Result "1/2-1/2"]
[WhiteElo "2205"]
[BlackElo "2436"]
[PlyCount "75"]
[EventDate "2019.02.15"]
[EventType "tourn (corr)"]
[EventRounds "7"]
[EventCountry "GER"]
[SourceTitle "Corr 2022"]
[Source "ChessBase"]
[SourceDate "2021.10.24"]
[SourceVersion "1"]
[SourceVersionDate "2021.10.24"]
[SourceQuality "1"]

1. d4 Nf6 2. c4 e6 3. Nf3 b6 4. g3 Ba6 5. Qb3 Nc6 6. Bd2 Rb8 7. e3 Na5 8. Qc2 c5 9. dxc5 Bb7 10. Bg2 Be4 11. Qc1 bxc5 12. 0-0 Be7 13. b3 0-0 14. Rd1 Bb7 15. Nc3 d6 16. Qc2 Nc6 17. Bc1 Qc7 18. Qe2 Rfd8 19. Bb2 Ba6 20. Rd2 d5 21. Nb5 Qa5 22. Bc3 Qb6 23. Ne5 Bxb5 24. cxb5 Nxe5 25. Bxe5 Rbc8 26. a4 h5 27. Rc2 g6 28. a5 Qb7 29. Rac1 Nd7 30. Bb2 Rb8 31. Bf1 Rbc8 32. Qe1 f5 33. f3 Qb8 34. Kg2 Bg5 35. Ba3 Be7 36. Bb2 Bg5 37. Ba3 Be7 38. Bb2 1/2-1/2

[Event "CP-2019-S-00002"]
[Site "LSS email"]
[Date "2019.02.09"]
[Round "?"]
[White "Mashchenko, Vladimir"]
[Black "Daiver, Viktor"]
[Result "1/2-1/2"]
[WhiteElo "2362"]
[BlackElo "2205"]
[PlyCount "70"]
[EventDate "2019.02.15"]
[EventType "tourn (corr)"]
[EventRounds "7"]
[EventCountry "GER"]
[SourceTitle "Corr 2022"]
[Source "ChessBase"]
[SourceDate "2021.10.24"]
[SourceVersion "1"]
[SourceVersionDate "2021.10.24"]
[SourceQuality "1"]

1. e4 c5 2. Nf3 Nc6 3. Bb5 e6 4. Bxc6 bxc6 5. b3 f6 6. d3 Ne7 7. Nh4 e5 8. 0-0 d5 9. Ba3 Kf7 10. Bxc5 h5 11. Bxe7 Bxe7 12. Nf5 Bc5 13. Nd2 g6 14. Ne3 a5 15. h3 Kg7 16. Qe2 Re8 17. c3 Be6 18. Rab1 Qe7 19. Rfc1 Bf7 20. Nf3 Qa7 21. Re1 dxe4 22. dxe4 Bxe3 23. Qxe3 Qxe3 24. Rxe3 a4 25. c4 g5 26. Rd1 Red8 27. Red3 Rxd3 28. Rxd3 axb3 29. axb3 Ra1+ 30. Kh2 Bg6 31. Nd2 c5 32. g4 Rd1 33. Rd5 Bf7 34. Rd8 Bg6 35. f3 Kf7 1/2-1/2

[Event "CP-2019-S-00002"]
[Site "LSS email"]
[Date "2019.02.09"]
[Round "?"]
[White "Roques, Pascal"]
[Black "Daiver, Viktor"]
[Result "1/2-1/2"]
[WhiteElo "2349"]
[BlackElo "2205"]
[PlyCount "81"]
[EventDate "2019.02.15"]
[EventType "tourn (corr)"]
[EventRounds "7"]
[EventCountry "GER"]
[SourceTitle "Corr 2022"]
[Source "ChessBase"]
[SourceDate "2021.10.24"]
[SourceVersion "1"]
[SourceVersionDate "2021.10.24"]
[SourceQuality "1"]

1. e4 e5 2. Nf3 Nc6 3. d4 exd4 4. Nxd4 Nf6 5. Nxc6 bxc6 6. e5 Qe7 7. Qe2 Nd5 8. c4 Ba6 9. b3 g6 10. g3 Bg7 11. Bb2 0-0 12. Bh3 d6 13. 0-0 dxe5 14. Qd2 e4 15. Bxg7 Kxg7 16. Re1 Nf6 17. Bg2 Bb7 18. Nc3 c5 19. Qb2 Kg8 20. Re2 Rad8 21. Rae1 Rd4 22. Qa3 a6 23. Qa5 Re8 24. Na4 Qe5 25. Qxc5 Nd7 26. Qxe5 Rxe5 27. Nc3 f5 28. f3 exf3 29. Bxf3 Bxf3 30. Rxe5 Nxe5 31. Rxe5 Rd3 32. Na4 Rd2 33. Nc5 Rxa2 34. Re7 c6 35. Ne6 Rg2+ 36. Kf1 Rxh2 37. Rg7+ Kh8 38. Rf7 h6 39. Rf8+ Kh7 40. Rf7+ Kh8 41. Rf8+ 1/2-1/2

[Event "CP-2019-S-00002"]
[Site "LSS email"]
[Date "2019.02.09"]
[Round "?"]
[White "Schroeder, Christoph"]
[Black "Daiver, Viktor"]
[Result "1/2-1/2"]
[WhiteElo "2326"]
[BlackElo "2205"]
[PlyCount "49"]
[EventDate "2019.02.15"]
[EventType "tourn (corr)"]
[EventRounds "7"]
[EventCountry "GER"]
[SourceTitle "Corr 2022"]
[Source "ChessBase"]
[SourceDate "2021.10.24"]
[SourceVersion "1"]
[SourceVersionDate "2021.10.24"]
[SourceQuality "1"]

1. e4 e5 2. f4 exf4 3. Nf3 g5 4. Nc3 d6 5. d4 g4 6. Bxf4 gxf3 7. Qxf3 Nc6 8. Bb5 a6 9. Bxc6+ bxc6 10. 0-0 Bg7 11. e5 Ne7 12. Ne4 0-0 13. Bg5 dxe5 14. dxe5 Qd4+ 15. Kh1 Ng6 16. Bf6 Rb8 17. Rae1 Rb5 18. Bxg7 Kxg7 19. Qf6+ Kg8 20. e6 Qxf6 21. Nxf6+ Kg7 22. e7 Nxe7 23. Rxe7 Rxb2 24. Nh5+ Kg8 25. Nf6+ 1/2-1/2

[Event "CP-2015-Q-00006"]
[Site "LSS email"]
[Date "2015.12.02"]
[Round "?"]
[White "Bergmann, Michael"]
[Black "Daiver, Viktor"]
[Result "1/2-1/2"]
[WhiteElo "2507"]
[BlackElo "1830"]
[PlyCount "103"]
[EventDate "2015.12.08"]
[EventType "tourn (corr)"]
[EventRounds "6"]
[EventCountry "GER"]
[SourceTitle "Corr 2022"]
[Source "ChessBase"]
[SourceDate "2021.10.24"]
[SourceVersion "1"]
[SourceVersionDate "2021.10.24"]
[SourceQuality "1"]

1. e4 e5 2. Nf3 Nc6 3. d4 exd4 4. Nxd4 Bc5 5. Be3 Qf6 6. c3 Nge7 7. Bc4 Ne5 8. Be2 Qg6 9. 0-0 d6 10. f3 0-0 11. Nd2 f5 12. Qb3+ Kh8 13. exf5 Nxf5 14. Nxf5 Qxf5 15. Bxc5 dxc5 16. f4 Nd3 17. Bxd3 Qxd3 18. Rf2 b6 19. Nf3 Bb7 20. Ne5 Qf5 21. Re1 Rae8 22. Qd1 Rd8 23. Qc1 Rd5 24. a3 Kg8 25. h3 h6 26. b4 Rfd8 27. bxc5 Rxc5 28. c4 Ba6 29. Kh2 Qf8 30. Rc2 Qf5 31. Rc3 Bc8 32. Rg3 Qf6 33. Rg6 Qf8 34. Qe3 Bf5 35. Rg3 Qf6 36. Qf2 Rd6 37. Rf3 Bd7 38. Qe3 Kh7 39. Rf2 Bc6 40. Rd2 Qe6 41. Kg1 Kg8 42. Rd3 Ba4 43. Qe4 Bc2 44. Qa8+ Kh7 45. Rde3 Qf6 46. Qf3 Rd4 47. Qf2 Bg6 48. Rf3 Rd8 49. Rg3 Bf7 50. Rc3 Kg8 51. Rc2 Qf5 52. Rc3 1/2-1/2

[Event "CP-2015-Q-00006"]
[Site "LSS email"]
[Date "2015.12.02"]
[Round "?"]
[White "Daiver, Viktor"]
[Black "Krueger, Hilmar"]
[Result "1-0"]
[WhiteElo "1830"]
[BlackElo "2286"]
[PlyCount "119"]
[EventDate "2015.12.08"]
[EventType "tourn (corr)"]
[EventRounds "6"]
[EventCountry "GER"]
[SourceTitle "Corr 2022"]
[Source "ChessBase"]
[SourceDate "2021.10.24"]
[SourceVersion "1"]
[SourceVersionDate "2021.10.24"]
[SourceQuality "1"]

1. d4 Nf6 2. c4 e6 3. Nc3 Bb4 4. Qc2 0-0 5. e4 d5 6. e5 Ne4 7. Bd3 c5 8. Nge2 cxd4 9. Nxd4 Nd7 10. Bf4 Ndc5 11. 0-0 Nxd3 12. Qxd3 Bxc3 13. bxc3 b6 14. cxd5 exd5 15. Rfe1 Re8 16. a4 a6 17. Qf3 Qc7 18. Qe3 Qxc3 19. Qxc3 Nxc3 20. Rec1 Ne4 21. Rc6 g5 22. Be3 Rxe5 23. Rxb6 a5 24. Rc6 Bd7 25. Rc7 Be8 26. f4 gxf4 27. Bxf4 Rh5 28. h3 f6 29. Kh2 Nf2 30. Ra2 Ng4+ 31. Kg1 Ne5 32. Ra3 Ng6 33. g4 Nxf4 34. gxh5 Nxh5 35. Rb3 Bxa4 36. Rbb7 Be8 37. Rxh7 Bg6 38. Rh6 Bf7 39. Rb2 Ng7 40. Rg2 Ra7 41. Rxf6 Kh7 42. Nf3 Bh5 43. Ng5+ Kg8 44. Ne6 Kh7 45. Nxg7 Rxg7 46. Rxg7+ Kxg7 47. Ra6 a4 48. Rxa4 Kf6 49. h4 Be2 50. Kf2 Bc4 51. Ra8 Kg6 52. Ra3 Kh5 53. Kg3 Bf1 54. Re3 Bc4 55. Re5+ Kh6 56. Kg4 Bb3 57. Re6+ Kg7 58. Rd6 Bd1+ 59. Kf4 Bb3 60. Kg5 1-0

[Event "CP-2015-Q-00006"]
[Site "LSS email"]
[Date "2015.12.02"]
[Round "?"]
[White "Daiver, Viktor"]
[Black "Zakharov, Oleg Yu"]
[Result "1/2-1/2"]
[WhiteElo "1830"]
[BlackElo "2306"]
[PlyCount "93"]
[EventDate "2015.12.08"]
[EventType "tourn (corr)"]
[EventRounds "6"]
[EventCountry "GER"]
[SourceTitle "Corr 2022"]
[Source "ChessBase"]
[SourceDate "2021.10.24"]
[SourceVersion "1"]
[SourceVersionDate "2021.10.24"]
[SourceQuality "1"]

1. d4 Nf6 2. c4 e6 3. Nc3 Bb4 4. Qc2 0-0 5. a3 Bxc3+ 6. Qxc3 b6 7. Bg5 Bb7 8. f3 h6 9. Bh4 d5 10. e3 Nbd7 11. cxd5 Nxd5 12. Bxd8 Nxc3 13. Be7 Rfe8 14. Bh4 Nd5 15. Bf2 e5 16. e4 exd4 17. 0-0-0 Nf4 18. Bxd4 Ne5 19. Be3 Ne6 20. Ne2 Ba6 21. Nd4 Bxf1 22. Rhxf1 f6 23. Nxe6 Rxe6 24. h4 Kf7 25. h5 Rd6 26. Kc2 Ke6 27. Rxd6+ cxd6 28. Rd1 Rc8+ 29. Kb3 Rc6 30. Kb4 Kd7 31. Kb3 Nc4 32. Bf4 b5 33. Ka2 Ne5 34. Rd2 Nc4 35. Rc2 Ne5 36. Kb1 Ke6 37. Rxc6 Nxc6 38. Kc2 d5 39. Kd3 dxe4+ 40. fxe4 a6 41. b3 Na5 42. Kc3 Nc6 43. Bc7 Kd7 44. Bg3 Ke6 45. Bc7 Kd7 46. Bg3 Ke6 47. Bc7 1/2-1/2

[Event "CP-2015-Q-00006"]
[Site "LSS email"]
[Date "2015.12.02"]
[Round "?"]
[White "Tarmak, Mart"]
[Black "Daiver, Viktor"]
[Result "1/2-1/2"]
[WhiteElo "2144"]
[BlackElo "1830"]
[PlyCount "69"]
[EventDate "2015.12.08"]
[EventType "tourn (corr)"]
[EventRounds "6"]
[EventCountry "GER"]
[SourceTitle "Corr 2022"]
[Source "ChessBase"]
[SourceDate "2021.10.24"]
[SourceVersion "1"]
[SourceVersionDate "2021.10.24"]
[SourceQuality "1"]

1. e4 e5 2. f4 exf4 3. Nf3 g5 4. h4 g4 5. Ne5 Nf6 6. Nxg4 Nxg4 7. Qxg4 d5 8. Qxf4 Rg8 9. exd5 Qxd5 10. Bc4 Qf5 11. 0-0 Qxf4 12. Rxf4 Be6 13. Re4 Nc6 14. d3 0-0-0 15. Rxe6 Nd4 16. Re4 Nxc2 17. Bxf7 Bc5+ 18. Kh1 Rgf8 19. Rc4 Rxf7 20. Rxc2 Rf1+ 21. Kh2 Bd6+ 22. g3 Rg8 23. Kg2 Re1 24. Bg5 h6 25. Rc1 Re6 26. Nc3 hxg5 27. h5 g4 28. Ne4 Rh8 29. Nxd6+ Rxd6 30. Rc5 Rxd3 31. Rf1 b6 32. Rg5 a5 33. Rf2 Rh7 34. b3 Kb7 35. Re2 1/2-1/2

[Event "OP-2012-0-02235"]
[Site "LSS email"]
[Date "2012.06.08"]
[Round "?"]
[White "Daiver, Viktor"]
[Black "Turgut, Ayhan"]
[Result "1-0"]
[WhiteElo "800"]
[BlackElo "623"]
[PlyCount "29"]
[EventDate "2012.06.04"]
[EventType "tourn (corr)"]
[EventRounds "4"]
[EventCountry "GER"]
[SourceTitle "Corr 2015"]
[Source "ChessBase"]
[SourceDate "2015.07.17"]
[SourceVersion "1"]
[SourceVersionDate "2015.07.17"]
[SourceQuality "1"]

1. d4 d5 2. Nf3 Nf6 3. c4 c6 4. Nc3 g6 5. e3 Bg7 6. Be2 0-0 7. 0-0 dxc4 8. Bxc4 Bg4 9. h3 Bxf3 10. Qxf3 Nbd7 11. Rd1 Re8 12. e4 e5 13. d5 cxd5 14. Bxd5 Nb6 15. Bxf7+ 1-0

[Event "OP-2012-0-02235"]
[Site "LSS email"]
[Date "2012.06.08"]
[Round "?"]
[White "Daiver, Viktor"]
[Black "Willmann, Bernd"]
[Result "1-0"]
[WhiteElo "800"]
[BlackElo "1620"]
[PlyCount "61"]
[EventDate "2012.06.04"]
[EventType "tourn (corr)"]
[EventRounds "4"]
[EventCountry "GER"]
[SourceTitle "Telechess CBM 153"]
[Source "ChessBase"]
[SourceDate "2013.03.14"]
[SourceVersion "1"]
[SourceVersionDate "2013.03.14"]
[SourceQuality "1"]

1. e4 g6 2. d4 Bg7 3. Nf3 d6 4. Nc3 Nc6 5. h3 e5 6. d5 Nd4 7. Be3 Nxf3+ 8. Qxf3 a6 9. 0-0-0 b5 10. g4 b4 11. Nb1 a5 12. a4 Bd7 13. b3 Nf6 14. Nd2 0-0 15. Be2 Qe7 16. Nc4 Qe8 17. Qg2 Bxa4 18. bxa4 Qxa4 19. Kd2 Qd7 20. g5 Nh5 21. Bxh5 gxh5 22. Ra1 a4 23. Rhb1 Rfb8 24. Ke1 a3 25. Bd2 Qa4 26. Rb3 Ra7 27. Qf3 Rab7 28. Qxh5 Qa7 29. Ra2 Qa4 30. Nb2 Qa7 31. Qg4 1-0

[Event "OP-2012-0-02235"]
[Site "LSS email"]
[Date "2012.06.08"]
[Round "?"]
[White "Molina, Vicente Andres"]
[Black "Daiver, Viktor"]
[Result "0-1"]
[WhiteElo "867"]
[BlackElo "800"]
[PlyCount "62"]
[EventDate "2012.06.04"]
[EventType "tourn (corr)"]
[EventRounds "4"]
[EventCountry "GER"]
[SourceTitle "Telechess CBM 153"]
[Source "ChessBase"]
[SourceDate "2013.03.14"]
[SourceVersion "1"]
[SourceVersionDate "2013.03.14"]
[SourceQuality "1"]

1. c4 e5 2. Nc3 Nf6 3. g3 Bb4 4. Bg2 0-0 5. Nd5 Nxd5 6. cxd5 d6 7. a3 Bc5 8. b4 Bd4 9. Rb1 Bb6 10. e3 a5 11. Ne2 axb4 12. axb4 Qf6 13. 0-0 Bf5 14. d3 Qg6 15. e4 Bg4 16. h3 Bxe2 17. Qxe2 Qxg3 18. Be3 Bxe3 19. fxe3 c6 20. Rf3 Qg5 21. Qf2 cxd5 22. exd5 Nd7 23. Rg3 Qf6 24. Qxf6 Nxf6 25. e4 Nh5 26. Re3 Ra3 27. Kf2 Nf4 28. Bf1 f5 29. b5 fxe4 30. dxe4 Nxh3+ 31. Ke2 Rf2+ 0-1